[Event "Hull 4NCL op-C"]
[Site "Hull"]
[Date "2023.09.10"]
[Round "4"]
[White "Sloan, Cecil"]
[Black "Lukauskas, Modestas"]
[Result "1-0"]
[WhiteElo "1664"]
[BlackElo "1471"]
[PlyCount "29"]
[EventDate "2023.09.08"]
[EventType "swiss"]
[EventRounds "5"]
[EventCountry "ENG"]
[SourceTitle "EXT 2024"]
[Source "ChessBase"]
[SourceDate "2023.10.10"]
[SourceVersion "1"]
[SourceVersionDate "2023.10.10"]
[SourceQuality "1"]

1. e4 c6 2. d4 d5 3. exd5 cxd5 4. Bd3 h6 5. Bf4 Nf6 6. c3 e6 7. Nf3 Nc6 8. 0-0 Be7 9. Nbd2 g5 10. Bg3 Bd6 11. Qe2 Bxg3 12. fxg3 Bd7 13. Rae1 Qe7 14. Ne5 Nxe5 15. Qxe5 1-0

[Event "Harrogate 4NCL op-C 29th"]
[Site "Harrogate"]
[Date "2023.01.21"]
[Round "2"]
[White "Sloan, Cecil"]
[Black "Galloway, Peter"]
[Result "1-0"]
[WhiteElo "1654"]
[BlackElo "1372"]
[PlyCount "59"]
[EventDate "2023.01.20"]
[EventType "swiss"]
[EventRounds "5"]
[EventCountry "ENG"]
[SourceTitle "CBM 212 Extra"]
[Source "ChessBase"]
[SourceDate "2023.03.31"]
[SourceVersion "1"]
[SourceVersionDate "2023.03.31"]
[SourceQuality "1"]

1. e4 c5 2. Nf3 d6 3. d4 cxd4 4. Nxd4 Nf6 5. Nc3 e6 6. Bg5 Be7 7. f4 0-0 8. Qf3 Nc6 9. 0-0-0 a6 10. Nxc6 bxc6 11. Bxf6 Bxf6 12. e5 Bxe5 13. fxe5 Qg5+ 14. Kb1 d5 15. Qg3 Qe7 16. Qf4 c5 17. Rd3 f5 18. exf6 Rxf6 19. Qe3 Qf8 20. Qe1 d4 21. Ne4 Rf7 22. Be2 h6 23. Rf1 Rxf1 24. Qxf1 Qe7 25. Qf4 e5 26. Qd2 Bf5 27. Bf3 Rf8 28. Qe2 c4 29. Rd1 Bxe4 30. Qxc4+ 1-0

[Event "London Central Minor"]
[Site "London"]
[Date "2022.11.06"]
[Round "5"]
[White "Khan, Shahbaz"]
[Black "Sloan, Cecil"]
[Result "1/2-1/2"]
[WhiteElo "1643"]
[BlackElo "1503"]
[PlyCount "64"]
[EventDate "2022.11.04"]
[EventType "swiss"]
[EventRounds "5"]
[EventCountry "ENG"]
[SourceTitle "EXT 2024"]
[Source "ChessBase"]
[SourceDate "2023.10.10"]
[SourceVersion "1"]
[SourceVersionDate "2023.10.10"]
[SourceQuality "1"]

1. d4 Nf6 2. c4 e6 3. Nc3 Bb4 4. e3 b6 5. a3 Bxc3+ 6. bxc3 Ba6 7. Bd3 Nc6 8. e4 e5 9. d5 Na5 10. Qa4 0-0 11. Nf3 d6 12. Bg5 Qd7 13. Qb4 Ne8 14. 0-0 Nb7 15. Nd2 Nc5 16. Qb1 h6 17. Be3 Nf6 18. f4 Nxd3 19. Qxd3 Ng4 20. fxe5 Nxe5 21. Qe2 Qg4 22. Qxg4 Nxg4 23. Bd4 f6 24. Rf4 Ne5 25. Bxe5 fxe5 26. Rxf8+ Rxf8 27. Rf1 Rxf1+ 28. Kxf1 Kf7 29. Ke2 Kf6 30. h4 g5 31. Kf3 h5 32. g3 g4+ 1/2-1/2

[Event "BCF-chT3W 2223 (4NCL)"]
[Site "England"]
[Date "2022.10.23"]
[Round "2.65"]
[White "Sloan, Cecil"]
[Black "Pardoe, David"]
[Result "1-0"]
[WhiteElo "1645"]
[BlackElo "1805"]
[PlyCount "113"]
[EventDate "2022.10.22"]
[EventType "team-tourn"]
[EventRounds "11"]
[EventCountry "ENG"]
[SourceTitle "EXT 2024"]
[Source "ChessBase"]
[SourceDate "2023.10.10"]
[SourceVersion "1"]
[SourceVersionDate "2023.10.10"]
[SourceQuality "1"]
[WhiteTeam "Shropshire and Friends"]
[BlackTeam "Manchester Manticores"]
[WhiteTeamCountry "ENG"]
[BlackTeamCountry "ENG"]

1. e4 d5 2. exd5 Qxd5 3. Nc3 Qa5 4. b4 Qxb4 5. Rb1 Qd6 6. Be2 c6 7. Nf3 Bf5 8. 0-0 Nf6 9. Rxb7 Nbd7 10. Rb1 e6 11. d4 Be7 12. Bd3 Bg4 13. Be2 Bd8 14. Be3 Bc7 15. g3 h5 16. Bf4 e5 17. dxe5 Qxd1 18. Rfxd1 Bxf3 19. Bxf3 Bxe5 20. Bxe5 Nxe5 21. Re1 Nfd7 22. Bxc6 0-0 23. Bxa8 Rxa8 24. Kg2 Rc8 25. Re3 Nc4 26. Re7 Ncb6 27. Nd5 Rxc2 28. Nxb6 Nxb6 29. Rxa7 Nc8 30. Ra8 Kh7 31. Rab8 Nd6 32. R8b2 Rc3 33. Rb3 Rc2 34. R1b2 Rc5 35. a4 g6 36. Ra2 Ra5 37. Rb6 Ne4 38. Rb5 Ra7 39. Ra3 Kg7 40. a5 Nd6 41. Rc5 Ne4 42. Rc6 Nf6 43. a6 Nd5 44. Rb3 Ne7 45. Rd6 Nf5 46. Rb7 Rxb7 47. axb7 Nxd6 48. b8Q Nf5 49. h3 Nh6 50. Qe5+ f6 51. Qe7+ Nf7 52. h4 g5 53. Kf3 gxh4 54. gxh4 Kg6 55. Kf4 Nh6 56. Qe8+ Kg7 57. Qxh5 1-0

[Event "BCF-chT3W 2223 (4NCL)"]
[Site "England"]
[Date "2022.10.22"]
[Round "1.55"]
[White "Flint, Martina"]
[Black "Sloan, Cecil"]
[Result "1-0"]
[WhiteElo "1828"]
[BlackElo "1645"]
[PlyCount "55"]
[EventDate "2022.10.22"]
[EventType "team-tourn"]
[EventRounds "11"]
[EventCountry "ENG"]
[SourceTitle "EXT 2024"]
[Source "ChessBase"]
[SourceDate "2023.10.10"]
[SourceVersion "1"]
[SourceVersionDate "2023.10.10"]
[SourceQuality "1"]
[WhiteTeam "Chessable White Rose III"]
[BlackTeam "Shropshire and Friends"]
[WhiteTeamCountry "ENG"]
[BlackTeamCountry "ENG"]

1. f4 c5 2. g3 Nc6 3. Nf3 g6 4. c3 Bg7 5. d3 d5 6. Bg2 Nf6 7. 0-0 0-0 8. Qc2 Qb6 9. Kh1 Bf5 10. Nh4 c4 11. Nxf5 gxf5 12. dxc4 Ng4 13. h3 Nf2+ 14. Kh2 e6 15. cxd5 exd5 16. Bxd5 Ne7 17. Bf3 Rad8 18. Na3 Nd1 19. Rxd1 Qf2+ 20. Bg2 Rxd1 21. Qxd1 Qc5 22. Qd3 Nc6 23. Be3 Qe7 24. Nc2 Rd8 25. Bd4 Nxd4 26. Nxd4 Bxd4 27. cxd4 Qe6 28. d5 1-0

[Event "Hammersmith CC op U2000"]
[Site "London"]
[Date "2022.06.04"]
[Round "3"]
[White "Li, Lucian"]
[Black "Sloan, Cecil"]
[Result "1-0"]
[WhiteElo "1154"]
[BlackElo "1683"]
[PlyCount "97"]
[EventDate "2022.06.04"]
[EventType "swiss"]
[EventRounds "5"]
[EventCountry "ENG"]
[SourceTitle "CBM 208 Extra"]
[Source "ChessBase"]
[SourceDate "2022.07.31"]
[SourceVersion "1"]
[SourceVersionDate "2022.07.31"]
[SourceQuality "1"]

1. e4 c5 2. Nf3 e6 3. d4 cxd4 4. Nxd4 Nf6 5. Bd3 Nc6 6. Nb3 d5 7. exd5 Nxd5 8. 0-0 Be7 9. Qh5 Nf6 10. Qe2 0-0 11. Nc3 Nd4 12. Nxd4 Qxd4 13. Rd1 Qh4 14. h3 Bd7 15. Be3 Bc6 16. Bd4 Rfd8 17. Be5 Rd7 18. Bg3 Qb4 19. Rab1 Rad8 20. a3 Qa5 21. b4 Qg5 22. b5 Bd5 23. a4 Nh5 24. Nxd5 Nxg3 25. Nxe7+ Qxe7 26. fxg3 Qc5+ 27. Kh2 h5 28. Qe4 g6 29. h4 Rd4 30. Qe2 Qc7 31. Kh1 Qxg3 32. Kg1 Rxh4 33. Be4 Qh2+ 34. Kf2 Rf4+ 35. Bf3 Rxd1 36. Rxd1 Qh4+ 37. Kg1 Qf6 38. c4 h4 39. Bxb7 h3 40. g3 Qg5 41. Kh2 Rg4 42. Rg1 Rd4 43. Rd1 Rg4 44. Qd3 e5 45. Qd8+ Qxd8 46. Rxd8+ Kg7 47. c5 Rxa4 48. c6 Rc4 49. Rd7 1-0

[Event "Daventry 4NCL Easter op-B 2nd"]
[Site "Daventry"]
[Date "2022.04.16"]
[Round "2"]
[White "Sloan, Cecil"]
[Black "Waterfield, Mark"]
[Result "0-1"]
[WhiteElo "1699"]
[BlackElo "1832"]
[PlyCount "98"]
[EventDate "2022.04.15"]
[EventType "swiss"]
[EventRounds "7"]
[EventCountry "ENG"]
[SourceTitle "CBM 207 Extra"]
[Source "ChessBase"]
[SourceDate "2022.05.31"]
[SourceVersion "1"]
[SourceVersionDate "2022.05.31"]
[SourceQuality "1"]

1. e4 e6 2. d4 d5 3. Nc3 Bb4 4. e5 b6 5. Bd2 Qd7 6. Nf3 Ba6 7. Bxa6 Nxa6 8. Qe2 Nb8 9. 0-0 Nc6 10. a3 Bf8 11. Nd1 Nge7 12. Ne3 0-0-0 13. a4 Nb8 14. b4 f5 15. c3 h6 16. b5 g5 17. a5 f4 18. Ng4 Bg7 19. axb6 cxb6 20. Ra2 Kb7 21. Nf6 Qc7 22. Rfa1 Nc8 23. Nh5 g4 24. Nh4 f3 25. Qd3 fxg2 26. Nxg7 Qxg7 27. Qg6 Qe7 28. Qf6 Qd7 29. Bxh6 Rh7 30. Bg5 Rg8 31. Qf4 Qxb5 32. Qxg4 Qe8 33. f4 Rc7 34. Qf3 Qb5 35. Kxg2 Qb3 36. Ra3 Qc2+ 37. Kh3 Nc6 38. R1a2 Qh7 39. Qe2 Na5 40. Qc2 Qd7 41. Ng2 Nc4 42. Rb3 Qe8 43. Kg3 Qh5 44. h4 Ne7 45. Qe2 Nf5+ 46. Kh3 Qh8 47. h5 Rh7 48. h6 Rxh6+ 49. Kg4 Rh3 0-1

[Event "Harrogate 4NCL op-B 27th"]
[Site "Harrogate"]
[Date "2022.01.22"]
[Round "2"]
[White "Tarbuck, Laurence JM"]
[Black "Sloan, Cecil"]
[Result "1/2-1/2"]
[WhiteElo "1780"]
[BlackElo "1707"]
[PlyCount "112"]
[EventDate "2022.01.21"]
[EventType "swiss"]
[EventRounds "5"]
[EventCountry "ENG"]
[SourceTitle "CBM 206 Extra"]
[Source "ChessBase"]
[SourceDate "2022.03.31"]
[SourceVersion "1"]
[SourceVersionDate "2022.03.31"]
[SourceQuality "1"]

1. d4 Nf6 2. c4 Nc6 3. Nc3 e5 4. d5 Ne7 5. e4 Ng6 6. h4 h5 7. Bg5 Be7 8. Be2 d6 9. Bxf6 Bxf6 10. g3 Bg4 11. Bxg4 hxg4 12. Qxg4 Qd7 13. Qxd7+ Kxd7 14. Nf3 Ne7 15. Ke2 Rh7 16. Ng5 Bxg5 17. hxg5 Rah8 18. Rxh7 Rxh7 19. Rf1 Ng6 20. Kf3 Rh2 21. Nd1 Rh5 22. Kg4 Rh2 23. Ne3 Ne7 24. Nf5 Nxf5 25. exf5 f6 26. g6 Ke7 27. Kf3 Rh5 28. g4 Rh3+ 29. Kg2 Rh4 30. Kg3 Rh6 31. Rg1 Rh8 32. Rg2 Rh6 33. Rh2 Rxh2 34. Kxh2 c5 35. Kg3 Kf8 36. f3 Ke7 37. a4 a5 38. f4 Kf8 39. fxe5 fxe5 40. g5 Ke7 41. Kf3 Ke8 42. f6 Kf8 43. Ke4 Kg8 44. Kf5 Kf8 45. Kg4 Kg8 46. Kf5 Kf8 47. Ke6 e4 48. Kxd6 e3 49. Kc7 e2 50. d6 e1Q 51. d7 Qe5+ 52. Kc8 Qe6 53. Kc7 Qc6+ 54. Kd8 Qb6+ 55. Kc8 Qc6+ 56. Kd8 Qb6+ 1/2-1/2

[Event "Leamington Spa 4NCL op-B 26th"]
[Site "Leamington Spa"]
[Date "2021.09.11"]
[Round "3"]
[White "Brocklehurst, Andrew"]
[Black "Sloan, Cecil"]
[Result "1-0"]
[WhiteElo "1983"]
[BlackElo "1734"]
[PlyCount "62"]
[EventDate "2021.09.10"]
[EventType "swiss"]
[EventRounds "5"]
[EventCountry "ENG"]
[SourceTitle "EXT 2023"]
[Source "ChessBase"]
[SourceDate "2022.10.05"]
[SourceVersion "1"]
[SourceVersionDate "2022.10.05"]
[SourceQuality "1"]

1. e4 c5 2. Nf3 e6 3. d4 cxd4 4. Nxd4 Nf6 5. Bd3 Nc6 6. Nxc6 bxc6 7. 0-0 d5 8. exd5 cxd5 9. Nc3 Be7 10. Bf4 a6 11. Re1 0-0 12. Qe2 Bb7 13. Rad1 Qb6 14. Be3 Qc6 15. Bd4 Nd7 16. Qf3 Bf6 17. Bxf6 Nxf6 18. Re5 Qc7 19. Qg3 Qe7 20. Rde1 Nd7 21. Nxd5 Bxd5 22. Rxd5 Nf6 23. Rde5 Qb4 24. b3 Qa3 25. Rg5 g6 26. h4 Qb4 27. Re3 Qd2 28. Rf3 Kg7 29. Qe5 h6 30. Qxf6+ Kh7 31. Bxg6+ fxg6 1-0

[Event "Leamington Spa 4NCL op-B 26th"]
[Site "Leamington Spa"]
[Date "2021.09.10"]
[Round "1"]
[White "Jacob, Sydney J"]
[Black "Sloan, Cecil"]
[Result "1-0"]
[WhiteElo "1923"]
[BlackElo "1734"]
[PlyCount "51"]
[EventDate "2021.09.10"]
[EventType "swiss"]
[EventRounds "5"]
[EventCountry "ENG"]
[SourceTitle "EXT 2023"]
[Source "ChessBase"]
[SourceDate "2022.10.05"]
[SourceVersion "1"]
[SourceVersionDate "2022.10.05"]
[SourceQuality "1"]

1. c4 e5 2. Nc3 d6 3. g3 f5 4. Bg2 Nf6 5. d3 Be7 6. Nf3 0-0 7. Bg5 h6 8. Bd2 c6 9. Qb3 Qb6 10. Qc2 Qd8 11. c5 Be6 12. e3 Nbd7 13. cxd6 Bxd6 14. 0-0 Qe7 15. Nh4 Qf7 16. f4 exf4 17. gxf4 Qh5 18. Nf3 Qf7 19. d4 Bc4 20. Rfe1 Nd5 21. Nxd5 Bxd5 22. b3 Bxf3 23. Bxf3 Qg6+ 24. Kh1 Nf6 25. Rg1 Ng4 26. Rxg4 1-0

[Event "Bunratty Online"]
[Site "Chess.com INT"]
[Date "2021.02.20"]
[Round "5"]
[White "Fuentes Alarcon, Angelo Moises"]
[Black "Sloan, Cecil"]
[Result "1-0"]
[WhiteElo "1900"]
[BlackElo "1565"]
[PlyCount "97"]
[EventDate "2021.02.20"]
[EventType "swiss (blitz)"]
[EventRounds "9"]
[EventCountry "IRL"]
[SourceTitle "CBM 200 Extra"]
[Source "ChessBase"]
[SourceDate "2021.03.31"]
[SourceVersion "1"]
[SourceVersionDate "2021.03.31"]
[SourceQuality "1"]

1. e4 c5 2. Nf3 e6 3. d4 cxd4 4. Nxd4 Nf6 5. f3 Nc6 6. Be3 Be7 7. Nc3 0-0 8. Qd2 d5 9. 0-0-0 dxe4 10. Nxe4 Nxd4 11. Bxd4 Nxe4 12. fxe4 Qc7 13. Bd3 Rd8 14. Bc3 Bd7 15. Rhf1 Bc6 16. Qf2 Rf8 17. h4 Qb6 18. Qxb6 axb6 19. a3 Bc5 20. g4 Rad8 21. g5 Bd4 22. Bd2 g6 23. h5 Bg7 24. h6 Be5 25. Be3 b5 26. Rf2 Bd4 27. Bxd4 Rxd4 28. Rdf1 Rd7 29. Re1 Rfd8 30. Kd2 Rd4 31. Kc3 R4d7 32. Kb4 Rd4+ 33. Kc3 R4d7 34. Ref1 Rf8 35. Kb4 Rd4+ 36. Kc5 Rd7 37. Bxb5 Bxb5 38. Kxb5 Rc8 39. c4 Rc6 40. b3 Rdd6 41. Rxf7 Rb6+ 42. Kc5 Rbc6+ 43. Kb4 Rb6+ 44. Kc3 Rd8 45. Rg7+ Kh8 46. Rff7 Rbd6 47. Rxh7+ Kg8 48. Rfg7+ Kf8 49. Rh8# 1-0

[Event "BCF-chT4S 1920 (4NCL)"]
[Site "England"]
[Date "2020.02.09"]
[Round "6.46"]
[White "Gurjar, Siena"]
[Black "Sloan, Cecil"]
[Result "1/2-1/2"]
[WhiteElo "1382"]
[BlackElo "1735"]
[PlyCount "94"]
[EventDate "2019.11.09"]
[EventType "team-swiss"]
[EventRounds "11"]
[EventCountry "ENG"]
[SourceTitle "EXT 2022"]
[Source "ChessBase"]
[SourceDate "2021.10.06"]
[SourceVersion "1"]
[SourceVersionDate "2021.10.06"]
[SourceQuality "1"]
[WhiteTeam "Cambridge University III"]
[BlackTeam "Watford"]
[WhiteTeamCountry "ENG"]
[BlackTeamCountry "ENG"]

1. e4 d5 2. exd5 Qxd5 3. Nc3 Qd8 4. Nf3 Bg4 5. Bc4 e6 6. 0-0 Nf6 7. d4 Nbd7 8. Bg5 Be7 9. h3 Bxf3 10. Qxf3 c6 11. Rad1 0-0 12. Qg3 Nh5 13. Qg4 Bxg5 14. Qxh5 g6 15. Qf3 Qf6 16. Qd3 Nb6 17. Bb3 Rad8 18. Ne4 Qe7 19. Rfe1 Bf6 20. c3 Bg7 21. Nc5 Nd5 22. c4 Nf6 23. Na4 Qc7 24. Nc3 Rd7 25. d5 Rfd8 26. Qf3 exd5 27. cxd5 Nxd5 28. Bxd5 Qc8 29. Bb3 Bxc3 30. Qxc3 Rxd1 31. Rxd1 Rxd1+ 32. Bxd1 Qd7 33. Be2 Qe6 34. Qc4 Qe5 35. Qd3 Qxb2 36. a3 Kg7 37. Kh2 Qe5+ 38. g3 Qb2 39. f4 Qa1 40. Qe3 Qe1 41. Qe5+ Kg8 42. Qe8+ Kg7 43. Qe5+ Kg8 44. Bc4 Qf2+ 45. Kh1 Qf3+ 46. Kh2 Qf2+ 47. Kh1 Qf3+ 1/2-1/2

[Event "BCF-chT4S 1920 (4NCL)"]
[Site "England"]
[Date "2020.02.08"]
[Round "5.121"]
[White "Sturt, Charles A"]
[Black "Sloan, Cecil"]
[Result "1/2-1/2"]
[WhiteElo "1416"]
[BlackElo "1735"]
[PlyCount "108"]
[EventDate "2019.11.09"]
[EventType "team-swiss"]
[EventRounds "11"]
[EventCountry "ENG"]
[SourceTitle "EXT 2022"]
[Source "ChessBase"]
[SourceDate "2021.10.06"]
[SourceVersion "1"]
[SourceVersionDate "2021.10.06"]
[SourceQuality "1"]
[WhiteTeam "Celtic Tigers III"]
[BlackTeam "Watford II"]
[WhiteTeamCountry "ENG"]
[BlackTeamCountry "ENG"]

1. e4 d5 2. exd5 Qxd5 3. Nc3 Qd8 4. d4 Nf6 5. Bf4 c6 6. Nf3 Bg4 7. Be2 e6 8. 0-0 Bd6 9. Ne5 Bxe2 10. Nxe2 0-0 11. Bg5 Be7 12. c3 Nbd7 13. f4 Nd5 14. Bxe7 Qxe7 15. Qb3 Nxe5 16. dxe5 Rfd8 17. Rf3 Rd7 18. Nd4 Rad8 19. a3 Qc5 20. h3 Qb6 21. Qxb6 Nxb6 22. b3 a6 23. f5 exf5 24. Nxf5 Nc8 25. Raf1 Rd1 26. b4 Rxf1+ 27. Kxf1 Kf8 28. Ke2 g6 29. Nh6 Rd7 30. e6 Re7 31. Rxf7+ Rxf7 32. exf7 Nd6 33. Kd3 Nxf7 34. Nxf7 Kxf7 35. Kd4 Ke6 36. Kc5 Kd7 37. Kb6 Kc8 38. c4 Kb8 39. a4 Kc8 40. b5 axb5 41. axb5 cxb5 42. cxb5 Kb8 43. h4 h6 44. g4 Kc8 45. Kc5 Kd7 46. Kb6 Kc8 47. Kc5 Kd7 48. Kd5 b6 49. Ke5 Ke7 50. Kd5 Kd7 51. Ke5 Ke7 52. g5 h5 53. Kd5 Kd7 54. Ke5 Ke7 1/2-1/2

[Event "London Classic op U1750 11th"]
[Site "London"]
[Date "2019.12.06"]
[Round "5"]
[White "Sloan, Cecil"]
[Black "Cranston, Adam"]
[Result "1/2-1/2"]
[WhiteElo "1661"]
[BlackElo "1694"]
[PlyCount "71"]
[EventDate "2019.12.02"]
[EventType "swiss"]
[EventRounds "5"]
[EventCountry "ENG"]
[SourceTitle "CBM 195 Extra"]
[Source "ChessBase"]
[SourceDate "2020.05.31"]
[SourceVersion "1"]
[SourceVersionDate "2020.05.31"]
[SourceQuality "1"]

1. e4 c6 2. d4 d5 3. exd5 cxd5 4. Bd3 Nc6 5. c3 e5 6. dxe5 Nxe5 7. Nf3 Nxd3+ 8. Qxd3 Nf6 9. 0-0 Be7 10. Bf4 Qb6 11. Qc2 0-0 12. Nbd2 Bd7 13. Nd4 Rac8 14. N2f3 Rfe8 15. Rfe1 Ne4 16. Be3 Qc7 17. Qb3 Nf6 18. Nb5 Bxb5 19. Qxb5 a6 20. Qb3 Bd6 21. Bd4 Qd7 22. Bxf6 gxf6 23. Rad1 Rxe1+ 24. Rxe1 Rc5 25. Qc2 d4 26. Nxd4 Bxh2+ 27. Kxh2 Qxd4 28. Re4 Rh5+ 29. Kg1 Qd6 30. g3 Qd5 31. Qe2 b5 32. Rg4+ Kf8 33. Re4 Kg7 34. Rg4+ Kf8 35. Re4 Kg7 36. Rg4+ 1/2-1/2

[Event "BCF-chT4S 1819 (4NCL)"]
[Site "England"]
[Date "2019.05.05"]
[Round "10.65"]
[White "Quinn, Peter"]
[Black "Sloan, Cecil"]
[Result "1/2-1/2"]
[WhiteElo "1838"]
[BlackElo "1772"]
[PlyCount "48"]
[EventDate "2018.11.17"]
[EventType "team-swiss"]
[EventRounds "11"]
[EventCountry "ENG"]
[SourceTitle "EXT 2021"]
[Source "ChessBase"]
[SourceDate "2020.10.23"]
[SourceVersion "1"]
[SourceVersionDate "2020.10.23"]
[SourceQuality "1"]
[WhiteTeam "The Full Ponty"]
[BlackTeam "Watford"]
[WhiteTeamCountry "WLS"]
[BlackTeamCountry "ENG"]

1. e4 d5 2. exd5 Qxd5 3. Nc3 Qd8 4. d4 Nf6 5. Bc4 a6 6. a3 e6 7. Nf3 b5 8. Bb3 c5 9. 0-0 c4 10. Ba2 Bb7 11. Re1 Be7 12. h3 0-0 13. Be3 Nbd7 14. Qe2 Nb6 15. Rad1 Nbd5 16. Nxd5 Bxd5 17. c3 Bxf3 18. Qxf3 Qd5 19. Qxd5 Nxd5 20. Bb1 Rad8 21. Be4 Rd7 22. Bc1 Rfd8 23. Re2 Bf6 24. Rde1 g6 1/2-1/2

[Event "Stevenage 4NCL Easter op U1825"]
[Site "Stevenage"]
[Date "2019.04.20"]
[Round "3.8"]
[White "Fisher, Neal"]
[Black "Sloan, Cecil"]
[Result "0-1"]
[WhiteElo "1473"]
[BlackElo "1654"]
[PlyCount "136"]
[EventDate "2019.04.19"]
[EventType "swiss"]
[EventRounds "7"]
[EventCountry "ENG"]
[SourceTitle "EXT 2023"]
[Source "ChessBase"]
[SourceDate "2022.10.05"]
[SourceVersion "1"]
[SourceVersionDate "2022.10.05"]
[SourceQuality "1"]

1. d4 Nf6 2. Nc3 d5 3. Bf4 c6 4. e3 Bf5 5. f3 e6 6. a3 Bd6 7. Bg3 Qc7 8. Bxd6 Qxd6 9. Bd3 Bxd3 10. Qxd3 e5 11. Nge2 Nbd7 12. Ng3 g6 13. 0-0-0 0-0-0 14. Na4 Kb8 15. Qb3 exd4 16. exd4 Rhe8 17. Kb1 Re7 18. c4 Rde8 19. c5 Qc7 20. Nc3 h5 21. Qc2 h4 22. Nge2 Nh5 23. Qd2 Re3 24. Rde1 Nf4 25. Nxf4 Rxe1+ 26. Rxe1 Rxe1+ 27. Qxe1 Qxf4 28. Qe7 Kc7 29. g3 hxg3 30. hxg3 Qf5+ 31. Ka2 Qe6 32. Qg5 Qf6 33. Qg4 Qe6 34. Qf4+ Kc8 35. g4 Nxc5 36. Qh6 Nd7 37. Qh8+ Kc7 38. Qa8 a6 39. Qg8 Qf6 40. Qe8 Qxf3 41. a4 Qxg4 42. Qxf7 Qf5 43. Qe7 Qf6 44. Qe3 g5 45. a5 Qf4 46. Qd3 g4 47. Ne2 Qe4 48. Qg3+ Kc8 49. Qf2 Qf3 50. Qe1 Qd3 51. Qf1 g3 52. Qg2 Qd2 53. Qf3 Qxa5+ 54. Kb3 Qd2 55. Nxg3 Qxd4 56. Nf5 Qc4+ 57. Ka3 Qc5+ 58. Ka2 Qa5+ 59. Kb1 Qe1+ 60. Ka2 Qe5 61. Qg4 Kc7 62. Nd4 Kb6 63. Nb3 Qd6 64. Qh4 Ne5 65. Qd4+ c5 66. Nxc5 Qxc5 67. Qxe5 Qc4+ 68. Kb1 Qe4+ 0-1

[Event "BCF-chT4S 1819 (4NCL)"]
[Site "England"]
[Date "2019.02.10"]
[Round "6.25"]
[White "Sloan, Cecil"]
[Black "Fowler, Hugo"]
[Result "0-1"]
[WhiteElo "1772"]
[BlackElo "1790"]
[PlyCount "66"]
[EventDate "2018.11.17"]
[EventType "team-swiss"]
[EventRounds "11"]
[EventCountry "ENG"]
[SourceTitle "EXT 2021"]
[Source "ChessBase"]
[SourceDate "2020.10.23"]
[SourceVersion "1"]
[SourceVersionDate "2020.10.23"]
[SourceQuality "1"]
[WhiteTeam "Watford"]
[BlackTeam "West is Best III"]
[WhiteTeamCountry "ENG"]
[BlackTeamCountry "ENG"]

1. e4 e5 2. Nf3 Nc6 3. d4 exd4 4. Bc4 Nf6 5. e5 d5 6. Bb5 Ne4 7. Nxd4 Bd7 8. Bxc6 bxc6 9. 0-0 Bc5 10. f3 Ng5 11. f4 Ne4 12. Be3 Rb8 13. b3 Bb6 14. f5 Qe7 15. e6 fxe6 16. Qh5+ Kd8 17. Nxe6+ Bxe6 18. Bxb6 cxb6 19. fxe6 Qc5+ 20. Kh1 Nf2+ 21. Rxf2 Qxf2 22. e7+ Kxe7 23. Qe5+ Kf7 24. Qc7+ Kg6 25. Qd6+ Qf6 26. Qg3+ Kf5 27. Nc3 Ke6 28. Re1+ Kd7 29. Ne4 dxe4 30. Rd1+ Kc8 31. Qg4+ Kb7 32. Rd7+ Ka8 33. Qe2 Rbd8 0-1

[Event "BCF-chT4S 1718 (4NCL)"]
[Site "England"]
[Date "2018.01.13"]
[Round "3.44"]
[White "Alcock, Graham P"]
[Black "Sloan, Cecil"]
[Result "1/2-1/2"]
[WhiteElo "1755"]
[BlackElo "1614"]
[PlyCount "80"]
[EventDate "2017.11.11"]
[EventType "team-swiss"]
[EventRounds "11"]
[EventCountry "ENG"]
[SourceTitle "EXT 2020"]
[Source "ChessBase"]
[SourceDate "2019.10.17"]
[SourceVersion "1"]
[SourceVersionDate "2019.10.17"]
[SourceQuality "1"]
[WhiteTeam "Surbiton"]
[BlackTeam "Watford"]
[WhiteTeamCountry "ENG"]
[BlackTeamCountry "ENG"]

1. e4 d5 2. exd5 Qxd5 3. Nc3 Qd8 4. Nf3 Bg4 5. h3 Bxf3 6. Qxf3 c6 7. Bc4 Nf6 8. 0-0 e6 9. Re1 Nbd7 10. d3 a5 11. Bf4 Be7 12. a3 0-0 13. Ne4 Nb6 14. Ba2 Nbd5 15. Be5 Nd7 16. Bg3 N7f6 17. c4 Nb6 18. Be5 Nbd7 19. Bc3 Qc7 20. d4 Nxe4 21. Qxe4 Bf6 22. Rad1 g6 23. Re3 Bg7 24. d5 Nc5 25. Qf3 Bxc3 26. Rxc3 Rfd8 27. Rdc1 a4 28. Qe3 b6 29. Qf3 Rac8 30. Rd1 Qd6 31. Rcc1 cxd5 32. cxd5 exd5 33. Rxd5 Qe7 34. Rcd1 Rxd5 35. Bxd5 Rc7 36. Qf4 Kg7 37. Qd2 Qf6 38. Bf3 Rd7 39. Qc2 Rxd1+ 40. Bxd1 Qd4 1/2-1/2